Los 50 Elementos Representativos de la Tabla Periódica - Estadísticas

Estadísticas generales
  • Esta prueba ha sido intentada 302 veces
  • La puntuación promedio es 31 de 50
Estadísticas de respuestas
Símbolo Elemento % Correcto
Li Litio
99%
Ca Calcio
97%
Cl Cloro
93%
O Oxígeno
84%
Ba Bario
82%
B Boro
80%
F Flúor
80%
H Hidrógeno
80%
Si Silicio
80%
He Helio
79%
Mg Magnesio
77%
Na Sodio
77%
Xe Xenón
77%
Rb Rubidio
76%
Ga Galio
74%
K Potasio
74%
Be Berilio
73%
Al Aluminio
71%
Bi Bismuto
71%
Br Bromo
71%
Ge Germanio
71%
N Nitrógeno
71%
S Azufre
70%
C Carbono
70%
Fr Francio
70%
As Arsénico
69%
Ne Neón
68%
Kr Kriptón
66%
P Fósforo
62%
I Yodo
61%
Ar Argón
60%
Cs Cesio
60%
In Indio
60%
Rn Radón
60%
Ra Radio
59%
Pb Plomo
56%
Sb Antimonio
55%
Sn Estaño
55%
Se Selenio
54%
At Astato
52%
Sr Estroncio
49%
Po Polonio
40%
Te Teluro
32%
Tl Talio
31%
Og Oganesón
23%
Lv Livermorio
17%
Nh Nihonio
14%
Fl Flerovio
13%
Ts Teneso
9%
Mc Moscovio
5%
No se encontraron pruebas coincidentes
Distribución de puntuación
Porcentaje de gente con cada puntuación
Porcentaje por número respondido
Historial de tus puntuaciones
No has intentado esta prueba.